| 000 | 00706nam a2200193 a 4500 | ||
|---|---|---|---|
| 005 | 20140412111339.0 | ||
| 008 | 040902s19uu xx 00 eng d | ||
| 020 | _a0-375-80482-x | ||
| 050 |
_aER _bWa11 2000 |
||
| 100 | _aAlbee, Sarah | ||
| 245 |
_aWatch out for banana peels / _cSarah Albee. |
||
| 260 |
_aCanada : _bRandom house, _c2000. |
||
| 300 | _aunp. | ||
| 440 | _aSesame street | ||
| 520 | _aOfficer grover and safety deputy Elmo share helpful safety tips about avoiding injuries, crossing the street, cleaning up spills, being careful in the kitchen and outdoors, and more. | ||
| 650 | _aSafety education-Juvenile literature | ||
| 650 | _aChildren's accident Prevention | ||
| 999 |
_c105099 _d105099 |
||